000 00434nam a2200169Ia 4500
005 20250423094629.0
008 250422s9999 xx 000 0 und d
020 _a9789789382231
050 _aPN 4784.B75 .A86/
100 _aAsmah, Ezekiel S.
245 0 _aBroadcast production techniques: a comprehensive guide
260 _aEnugu
260 _bFranklead Published Company
260 _c2014
300 _a348 p
942 _cBK
999 _c27823
_d27823